Voitures de Cars par images - Statistiques

Statistiques générales
  • Ce quiz a été pris 3 159 fois
    3 143 depuis la dernière actualisation
  • Le résultat moyen est 16 sur 104
Statistiques - réponses
Par images Réponse % Correct
Martin / Mater
97%
Flash McQueen / Ligntning McQueen
93%
Sally
89%
Luigi
69%
Doc Hudson
67%
Guido
62%
Mack
62%
Flo
43%
Ramone
38%
Fillmore
37%
King
37%
Sheriff
37%
Chick Hicks
36%
Sergent / Sarge
36%
Francesco Bernoulli
33%
Fred
33%
Finn McMissile
32%
Raoul Caroule
30%
Bessie
28%
Jackson Storm
28%
Red
28%
Frank
27%
Lewis Hamilton
26%
Cruz Ramirez
25%
Reine / Queen
25%
Professeur Z / Professor Zündapp
21%
Lizzie
20%
Mia et Tia / Mia and Tia
19%
Pape Pinion IV / Pope Pinion IV
19%
Stanley
18%
Tex
18%
DJ
16%
Tracteur / Tractor
16%
Carla Veloso
13%
Elvis
12%
Miguel Camino
11%
Shu Todoroki
11%
Boost
10%
Holley Shiftwell
10%
Ivan
10%
Cal Weathers
9%
Darrell Cartrip
8%
Jeff Gorvette
8%
Jerry / Peter
8%
Max Schnell
8%
Acer
7%
Grem
7%
Smokey
7%
Sterling
7%
Wingo
7%
Bobby Swift
6%
Camion Pizza Planet / Pizza Planet Truck
6%
Jacques Villeneuve / David Hobbscap
6%
Leland Turbo
6%
Miles Axlerod
6%
Oncle Topolino / Uncle Topolino
6%
Bob Culasse / Bob Cutlass
5%
Louise Nash
5%
Madame King / Mrs the King
5%
Nigel Gearsley
5%
Rusty
5%
Dusty
4%
Junior Moon
4%
Marto / Mato
4%
Mini
4%
Miss Fritter
4%
Otis
4%
Snot Rod
4%
Van
4%
Marteau / Mator
3%
Natalie Certain
3%
Rip Clutchgoneski
3%
Rod Torque / Rod Redline
3%
Tombeur / Tomber
3%
Victor Hugo
3%
Banshee
2%
Brent Mustangburger
2%
Bulldozer
2%
Fantômes / Ghosts
2%
Mama Topolino
2%
River Scott
2%
Siddeley
2%
Arvy
1%
Big D
1%
Crabby
1%
Crusty Rotor
1%
Dinosaure / Dinosaur Vehicles
1%
Docteur Cabosse / Dr Damage
1%
Docteur Feel Bad / Dr Feel Bad
1%
Fabrizio
1%
Ito-San
1%
J. Curby Gremlin / John Curby Gremlin
1%
Kabuto
1%
Mac iCar
1%
Rastatineur / Rastacarian
1%
Roger
1%
Tubbs Pacer
1%
Vladimir Trunkov
1%
Capitaine Collision / Captain Collision
0%
Congélateur / I-Screamer
0%
Docteur Frankenwagon / Dr Frankenwagon
0%
Monstre de Frankenwagon / Frankenwagon's Monster
0%
Paddy la Toupie Irlandaise / Paddy O'Concrete
0%
Tony Trihull
0%
Aucun quiz correspondant
Distribution des résultats
% des personnes avec chaque résultat
Percentile par nombre de réponses
Votre historique - résultats
Vous n’avez pas pris ce quiz depuis la dernière actualisation